<?xml version="1.0" encoding="UTF-8"?>
<record
    xmlns:xsi="http://www.w3.org/2001/XMLSchema-instance"
    xsi:schemaLocation="http://www.loc.gov/MARC21/slim http://www.loc.gov/standards/marcxml/schema/MARC21slim.xsd"
    xmlns="http://www.loc.gov/MARC21/slim">

  <leader>01202nam a2200289 a 4500</leader>
  <controlfield tag="001">73098</controlfield>
  <controlfield tag="003">BD-RjUL</controlfield>
  <controlfield tag="005">20211209082341.0</controlfield>
  <controlfield tag="008">170528s1947    nyu           001 0 eng  </controlfield>
  <datafield tag="035" ind1=" " ind2=" ">
    <subfield code="a">(BD-RjUL)73316</subfield>
  </datafield>
  <datafield tag="040" ind1=" " ind2=" ">
    <subfield code="a">DLC</subfield>
    <subfield code="c">CChiS</subfield>
    <subfield code="d">MBWI</subfield>
    <subfield code="d">DLC</subfield>
    <subfield code="b">eng</subfield>
  </datafield>
  <datafield tag="041" ind1=" " ind2=" ">
    <subfield code="a">eng</subfield>
  </datafield>
  <datafield tag="082" ind1=" " ind2=" ">
    <subfield code="2">23</subfield>
    <subfield code="a">629.8323</subfield>
    <subfield code="b">THE 1947</subfield>
  </datafield>
  <datafield tag="100" ind1="1" ind2=" ">
    <subfield code="a">James, Hubert Maxwell,</subfield>
    <subfield code="d">1908-</subfield>
    <subfield code="9">216224</subfield>
  </datafield>
  <datafield tag="245" ind1="0" ind2="0">
    <subfield code="a">Theory of servomechanisms /</subfield>
    <subfield code="c">edited by Hubert M. James, Nathaniel B. Nichols and Ralph S. Phillips under the supervision of the] Office of Scientific Research and Development, National Defense Research Committee.</subfield>
  </datafield>
  <datafield tag="260" ind1=" " ind2=" ">
    <subfield code="a">New York :</subfield>
    <subfield code="b">McGraw-Hill Book Co.,</subfield>
    <subfield code="c">1947.</subfield>
  </datafield>
  <datafield tag="300" ind1=" " ind2=" ">
    <subfield code="a">xiv, 375 p. :</subfield>
    <subfield code="b">ill. ;</subfield>
    <subfield code="c">24 cm.</subfield>
  </datafield>
  <datafield tag="410" ind1="2" ind2="0">
    <subfield code="a">Massachusetts Institute of Technology.</subfield>
    <subfield code="b">Radiation Laboratory.</subfield>
    <subfield code="t">Radiation Laboratory series,</subfield>
    <subfield code="v">25</subfield>
  </datafield>
  <datafield tag="504" ind1=" " ind2=" ">
    <subfield code="a">Bibliographical footnotes.</subfield>
  </datafield>
  <datafield tag="650" ind1=" " ind2="0">
    <subfield code="a">Servomechanisms.</subfield>
    <subfield code="9">216225</subfield>
  </datafield>
  <datafield tag="700" ind1="1" ind2=" ">
    <subfield code="a">Nicholas, Nathaniel B.,</subfield>
    <subfield code="e">joint editor.</subfield>
    <subfield code="9">216226</subfield>
  </datafield>
  <datafield tag="700" ind1="1" ind2=" ">
    <subfield code="a">Phillips, Ralph S.</subfield>
    <subfield code="q">(Ralph Saul),</subfield>
    <subfield code="d">1913-</subfield>
    <subfield code="e">joint editor.</subfield>
    <subfield code="9">216227</subfield>
  </datafield>
  <datafield tag="830" ind1=" " ind2=" ">
    <subfield code="a">Massachusetts Institute of Technology.</subfield>
    <subfield code="9">216231</subfield>
  </datafield>
  <datafield tag="856" ind1=" " ind2=" ">
    <subfield code="3">Massachusetts Institute of Technology.</subfield>
  </datafield>
  <datafield tag="942" ind1=" " ind2=" ">
    <subfield code="2">ddc</subfield>
    <subfield code="c">BK</subfield>
  </datafield>
  <datafield tag="999" ind1=" " ind2=" ">
    <subfield code="c">73098</subfield>
    <subfield code="d">73098</subfield>
  </datafield>
  <datafield tag="952" ind1=" " ind2=" ">
    <subfield code="0">0</subfield>
    <subfield code="1">0</subfield>
    <subfield code="2">ddc</subfield>
    <subfield code="4">0</subfield>
    <subfield code="7">1</subfield>
    <subfield code="8">NFIC</subfield>
    <subfield code="a">RUCL</subfield>
    <subfield code="b">RUCL</subfield>
    <subfield code="c">Reading</subfield>
    <subfield code="d">1964-05-07</subfield>
    <subfield code="e">Zeitlinger</subfield>
    <subfield code="g">74.00</subfield>
    <subfield code="l">0</subfield>
    <subfield code="o">629.8323 THE 1947</subfield>
    <subfield code="r">2017-05-28 00:00:00</subfield>
    <subfield code="t">C-1</subfield>
    <subfield code="w">2017-05-28</subfield>
    <subfield code="y">BK</subfield>
  </datafield>
</record>
